|
|
|
|
| LEADER |
00000nam0a2200000 4500 |
| 001 |
18609 |
| 005 |
20231101205222.0 |
| 035 |
|
|
|a (RuTPU)RU\TPU\book\18759
|
| 035 |
|
|
|a BOOK00003447
|
| 090 |
|
|
|a 18609
|
| 100 |
|
|
|a 20011209d1979 k y0rusy50 ca
|
| 101 |
0 |
|
|a rus
|
| 102 |
|
|
|a RU
|
| 105 |
|
|
|a y z 011zy
|
| 200 |
1 |
|
|a Язык и сознание
|f А. Р. Лурия
|
| 210 |
|
|
|a Москва
|c Изд-во МГУ
|d 1979
|
| 215 |
|
|
|a 319 с.
|
| 300 |
|
|
|a 225 лет МГУ
|
| 320 |
|
|
|a Библиогр.: с. 307-319
|
| 610 |
1 |
|
|a языкознание
|
| 610 |
1 |
|
|a язык
|
| 610 |
1 |
|
|a мышление
|
| 610 |
1 |
|
|a речь
|
| 610 |
1 |
|
|a нейролингвистика
|
| 610 |
1 |
|
|a психолингвистика
|
| 686 |
|
|
|a Ш100.4
|v LBC/SL-A
|2 rubbk
|
| 700 |
|
1 |
|a Лурия
|b А. Р.
|c российский психолог
|f 1902-1977
|g Александр Романович
|2 stltpush
|3 (RuTPU)RU\TPU\pers\870
|9 388
|
| 801 |
|
0 |
|a RU
|b 63413507
|c 20011209
|g PSBO
|
| 801 |
|
2 |
|a RU
|b 63413507
|c 20161012
|g PSBO
|
| 900 |
|
|
|a Языкознание
|
| 942 |
|
|
|c BK
|